Statistics for Click the Synonym

Click here to take the quiz!

General Stats

  • This quiz has been taken 21,562 times
  • The average score is 11 of 20

Answer Stats

HintAnswer% Correct
DoppelgangerLookalike
89%
MinusculeTiny
88%
FiascoDebacle
80%
BehemothColossus
74%
LingoJargon
74%
SuperfluousUnnecessary
67%
DesperadoOutlaw
66%
ZenithSummit
66%
TeetotalerNondrinker
57%
MenagerieZoo
56%
BonanzaJackpot
54%
GambitPloy
52%
KismetFate
43%
BlottoDrunk
42%
BlunderbussShotgun
42%
OctothorpeHashtag
40%
RubenesquePlump
40%
FopDandy
38%
RubeBumpkin
37%
HoaryWhite
25%

Score Distribution

Percentile by Number Answered

Percent of People with Each Score

Your Score History

You have not taken this quiz